[Event "Barranquilla Carnaval Cup"]
[Site "Barranquilla"]
[Date "2024.02.04"]
[Round "4"]
[White "Mendoza, Rafael Enrique"]
[Black "Guerrero Fandino, Gustavo A"]
[Result "0-1"]
[WhiteElo "2263"]
[BlackElo "2117"]
[PlyCount "114"]
[EventDate "2024.02.03"]
[EventType "swiss"]
[EventRounds "9"]
[EventCountry "COL"]
[SourceTitle "CB07_2024"]
[SourceDate "2024.02.14"]
[SourceVersion "1"]
[SourceVersionDate "2024.02.14"]
[SourceQuality "1"]

1. d4 Nf6 2. g3 g6 3. Bg2 c5 4. d5 Bg7 5. Nc3 d6 6. Nf3 0-0 7. 0-0 a6 8. a4 e6 9. Nd2 exd5 10. Nxd5 Nxd5 11. Bxd5 Nc6 12. c3 Bh3 13. Re1 Qc7 14. Ne4 h6 15. Bf4 Ne5 16. Qb3 Rab8 17. Rad1 Kh7 18. f3 Bf5 19. Rd2 b5 20. axb5 axb5 21. Qd1 Rfd8 22. Nf2 b4 23. c4 g5 24. Bxe5 Bxe5 25. e4 Bg6 26. Kg2 Qe7 27. Ng4 Bg7 28. h4 h5 29. hxg5 hxg4 30. f4 Rh8 31. Rh1+ Kg8 32. f5 Bxf5 33. Rxh8+ Bxh8 34. exf5 Qxg5 35. Re2 Be5 36. Bxf7+ Kxf7 37. Rxe5 dxe5 38. Qd5+ Kg7 39. Qxe5+ Qf6 40. Qc7+ Kh6 41. Qf4+ Kh5 42. Qxb8 Qxb2+ 43. Kg1 Qb1+ 44. Kg2 Qe4+ 45. Kh2 Qxf5 46. Qh8+ Kg6 47. Qg8+ Kh6 48. Qh8+ Qh7 49. Qf6+ Kh5 50. Qe5+ Kg6+ 51. Kg1 Qd7 52. Qxc5 Qd1+ 53. Kg2 b3 54. Qc6+ Kf5 55. Qc8+ Ke4 56. Qe6+ Kd3 57. Qd5+ Kc2 0-1

[Event "Barranquilla Carnaval Cup"]
[Site "Barranquilla"]
[Date "2024.02.04"]
[Round "3"]
[White "Vasquez Garrido, Nuremberg"]
[Black "Mendoza, Rafael Enrique"]
[Result "1/2-1/2"]
[WhiteElo "1976"]
[BlackElo "2263"]
[PlyCount "30"]
[EventDate "2024.02.03"]
[EventType "swiss"]
[EventRounds "9"]
[EventCountry "COL"]
[SourceTitle "CB07_2024"]
[SourceDate "2024.02.14"]
[SourceVersion "1"]
[SourceVersionDate "2024.02.14"]
[SourceQuality "1"]

1. e4 c5 2. Nf3 Nc6 3. c3 d5 4. exd5 Qxd5 5. Be2 Nf6 6. Na3 e6 7. 0-0 Be7 8. d3 0-0 9. Bf4 Qd8 10. Qc2 Nd5 11. Bg3 b6 12. Rad1 Bb7 13. Rfe1 Rc8 14. Nc4 b5 15. Ne3 a6 1/2-1/2

[Event "Barranquilla Carnaval Cup"]
[Site "Barranquilla"]
[Date "2024.02.03"]
[Round "1"]
[White "Ladron De Guevara Mendez, Lorena"]
[Black "Mendoza, Rafael Enrique"]
[Result "0-1"]
[WhiteElo "1366"]
[BlackElo "2263"]
[PlyCount "65"]
[EventDate "2024.02.03"]
[EventType "swiss"]
[EventRounds "9"]
[EventCountry "COL"]
[SourceTitle "CB07_2024"]
[SourceDate "2024.02.14"]
[SourceVersion "1"]
[SourceVersionDate "2024.02.14"]
[SourceQuality "1"]

1. e4 e5 2. Nf3 Nc6 3. Nc3 Nf6 4. a3 Be7 5. d4 d6 6. h3 0-0 7. d5 Nb8 8. Bc4 Nbd7 9. Be3 a6 10. a4 Re8 11. Nd2 Nf8 12. 0-0 Ng6 13. Ne2 Nh5 14. f4 exf4 15. Nxf4 Nhxf4 16. Bxf4 Nxf4 17. Rxf4 Bg5 18. Rf1 Bxd2 19. Qxd2 Rxe4 20. Bd3 Re5 21. Rad1 Bd7 22. Qf4 Qe7 23. a5 Rf8 24. Qb4 Bc8 25. Rf4 g6 26. c4 Qg5 27. Rf3 Re3 28. Rxe3 Qxe3+ 29. Kh2 Re8 30. Qa4 Qf4+ 31. Kh1 Re3 32. Rf1 Qg3 33. Rf3 0-1

[Event "Manizales Feria op 29th"]
[Site "Manizales"]
[Date "2024.01.07"]
[Round "5"]
[White "Mendoza, Rafael Enrique"]
[Black "Torres, Jorge Emilio"]
[Result "1/2-1/2"]
[WhiteElo "2272"]
[BlackElo "1999"]
[PlyCount "46"]
[EventDate "2024.01.05"]
[EventType "swiss"]
[EventRounds "7"]
[EventCountry "COL"]
[SourceTitle "CB02_2024"]
[SourceDate "2024.01.10"]
[SourceVersion "1"]
[SourceVersionDate "2024.01.10"]
[SourceQuality "1"]

1. e4 c6 2. d4 d5 3. Nd2 dxe4 4. Nxe4 Bf5 5. Ng3 Bg6 6. Nf3 Nd7 7. Bd3 e6 8. 0-0 Ngf6 9. b3 Bd6 10. Bb2 Qc7 11. c4 Bxd3 12. Qxd3 0-0-0 13. Qe2 c5 14. Ne5 Rdf8 15. Nxd7 Qxd7 16. dxc5 Bxc5 17. Rad1 Qc6 18. Rd3 h5 19. Bxf6 gxf6 20. Ne4 Rfg8 21. Qf3 Be7 22. Nd6+ Kc7 23. Nb5+ Kb6 1/2-1/2

[Event "Manizales Feria op 29th"]
[Site "Manizales"]
[Date "2024.01.06"]
[Round "2"]
[White "Mendoza, Rafael Enrique"]
[Black "Abella, Alfonso"]
[Result "1-0"]
[WhiteElo "2272"]
[BlackElo "1805"]
[PlyCount "73"]
[EventDate "2024.01.05"]
[EventType "swiss"]
[EventRounds "7"]
[EventCountry "COL"]
[SourceTitle "CB02_2024"]
[SourceDate "2024.01.10"]
[SourceVersion "1"]
[SourceVersionDate "2024.01.10"]
[SourceQuality "1"]

1. e4 e6 2. d4 d5 3. Nd2 dxe4 4. Nxe4 Nd7 5. Nf3 Ngf6 6. Nxf6+ Nxf6 7. Bd3 c5 8. dxc5 Bxc5 9. Qe2 Qc7 10. 0-0 0-0 11. Bg5 h6 12. Bh4 Bd6 13. Rad1 Bd7 14. Bxf6 gxf6 15. Bb5 Bxb5 16. Qxb5 f5 17. g3 Rfd8 18. c3 Bf8 19. Rfe1 Bg7 20. Qe2 a6 21. c4 b5 22. Rc1 Qb7 23. b3 b4 24. Red1 a5 25. Rd3 Qc7 26. Rcd1 Bf6 27. Nd4 Qc5 28. Nxe6 fxe6 29. Qxe6+ Kg7 30. Rd7+ Rxd7 31. Rxd7+ Kg6 32. Qf7+ Kg5 33. h4+ Kg4 34. Qxf6 Rf8 35. Qd4+ Qxd4 36. Rxd4+ Kf3 37. Kf1 1-0

[Event "COL-ch"]
[Site "Cartagena"]
[Date "2023.06.11"]
[Round "7"]
[White "Martinez Romero, Martin"]
[Black "Mendoza, Rafael Enrique"]
[Result "1-0"]
[WhiteElo "2412"]
[BlackElo "2288"]
[PlyCount "203"]
[EventDate "2023.06.08"]
[EventType "swiss"]
[EventRounds "9"]
[EventCountry "COL"]
[SourceTitle "CBM 215 Extra"]
[Source "ChessBase"]
[SourceDate "2023.09.30"]
[SourceVersion "1"]
[SourceVersionDate "2023.09.30"]
[SourceQuality "1"]

1. c4 e5 2. Nc3 Nc6 3. Nf3 Nf6 4. e3 d5 5. cxd5 Nxd5 6. Bb5 Nxc3 7. bxc3 Bd6 8. d4 exd4 9. cxd4 0-0 10. 0-0 Bg4 11. h3 Bh5 12. Bb2 Ne7 13. e4 c6 14. Bc4 Qa5 15. Qd2 Qxd2 16. Nxd2 b5 17. Bd3 Bg6 18. f4 f6 19. Rac1 f5 20. e5 Bb4 21. Nb3 Bf7 22. Bc2 a5 23. a3 a4 24. Nc5 Bxc5 25. dxc5 Be6 26. Bd1 Nd5 27. Rf3 Rad8 28. Be2 Rd7 29. Kf2 g6 30. g3 h5 31. Rd1 Rfd8 32. Rfd3 Kf7 33. Rd4 Ke8 34. Bf3 Kf7 35. Re1 Re8 36. Bc1 Red8 37. Bd2 Ke8 38. Rh1 Rh7 39. Rg1 Kf7 40. Ba5 Ra8 41. Bd2 Rd8 42. Re1 Ke8 43. Ba5 Ra8 44. Bb4 Rd8 45. Bd2 Rhd7 46. Rh1 Rh7 47. Rg1 Kf7 48. Bd1 Rdh8 49. Bc2 Rd8 50. Ke1 Rhh8 51. Bd1 Rh7 52. Bf3 Rhh8 53. Kd1 Rd7 54. Kc1 Rdd8 55. Kb2 Rd7 56. Bc1 Rdd8 57. Bd2 Rh7 58. Bc3 Ke8 59. Re1 Rhd7 60. Ba5 Ra8 61. Bd2 Rad8 62. Rg1 Rh7 63. Ba5 Ra8 64. Bb6 Rd7 65. Rgd1 Rc8 66. R1d3 Ke7 67. Ba5 Kf7 68. Rd1 Ke7 69. R4d3 Kf7 70. Rh1 Rh8 71. Bc3 Rhd8 72. Ba5 Ra8 73. Bc3 Rad8 74. Re1 Rc8 75. Rg1 Ke7 76. g4 hxg4 77. hxg4 Nxf4 78. Rd6 Rh8 79. gxf5 Rh2+ 80. Ka1 Bxf5 81. Bxc6 Ne2 82. Bb4 Nd4 83. Rxd7+ Bxd7 84. Bxd7 Nc2+ 85. Kb1 Kxd7 86. c6+ Kxc6 87. Rc1 Kd5 88. Rxc2 Rxc2 89. Kxc2 Kxe5 90. Kd3 Kd5 91. Ke3 Kc6 92. Kf4 Kb7 93. Kg5 Kb8 94. Kxg6 Kb7 95. Kf6 Ka7 96. Ke6 Kb7 97. Kd6 Ka7 98. Kc7 Ka6 99. Kc6 Ka7 100. Bd6 Ka8 101. Kb6 b4 102. axb4 1-0

[Event "COL-ch"]
[Site "Cartagena"]
[Date "2023.06.08"]
[Round "1"]
[White "Caballero Marrugo, Maria Jose"]
[Black "Mendoza, Rafael Enrique"]
[Result "1-0"]
[WhiteElo "1542"]
[BlackElo "2288"]
[PlyCount "55"]
[EventDate "2023.06.08"]
[EventType "swiss"]
[EventRounds "9"]
[EventCountry "COL"]
[SourceTitle "CBM 215 Extra"]
[Source "ChessBase"]
[SourceDate "2023.09.30"]
[SourceVersion "1"]
[SourceVersionDate "2023.09.30"]
[SourceQuality "1"]

1. e4 c5 2. Nf3 a6 3. d4 cxd4 4. Nxd4 Nf6 5. Nc3 e5 6. Nf3 Bb4 7. Bd3 d5 8. Bg5 dxe4 9. Bxf6 gxf6 10. Bxe4 Bxc3+ 11. bxc3 Qxd1+ 12. Rxd1 Nd7 13. Rd5 Ke7 14. 0-0 Nb6 15. Rc5 Kd6 16. Ra5 f5 17. Rd1+ Ke7 18. Rxe5+ Kf6 19. Rd6+ Be6 20. Rxf5+ Kg7 21. Rg5+ Kf6 22. Rxb6 Rhd8 23. h3 Rac8 24. Rf5+ Kg7 25. Rg5+ Kf6 26. Rd5 h6 27. Rxd8 Rxd8 28. Nd4 1-0

[Event "COL-ch pre olympic"]
[Site "El Bagre"]
[Date "2019.12.14"]
[Round "9"]
[White "Morales, Jhon Alexander"]
[Black "Mendoza, Rafael Enrique"]
[Result "1-0"]
[WhiteElo "2404"]
[BlackElo "2303"]
[PlyCount "73"]
[EventDate "2019.12.09"]
[EventType "tourn"]
[EventRounds "11"]
[EventCountry "COL"]
[EventCategory "6"]
[SourceTitle "CBM 193 Extra"]
[Source "ChessBase"]
[SourceDate "2020.01.31"]
[SourceVersion "1"]
[SourceVersionDate "2020.01.31"]
[SourceQuality "1"]

1. e4 e5 2. Nf3 Nc6 3. Bb5 a6 4. Ba4 Nf6 5. 0-0 Be7 6. Re1 b5 7. Bb3 0-0 8. c3 d5 9. d4 exd4 10. e5 Ne4 11. cxd4 Bf5 12. h3 Qd7 13. Nc3 Nxc3 14. bxc3 Na5 15. Bg5 Nc4 16. Bxe7 Qxe7 17. Qc1 c5 18. Bc2 Bxc2 19. Qxc2 cxd4 20. Nxd4 Rac8 21. Qd3 Qg5 22. Nf3 Qg6 23. Qxd5 Rfe8 24. Rad1 Nb2 25. Rd4 Na4 26. Rg4 Qc6 27. Qd2 Nxc3 28. Qg5 Qg6 29. Qh4 Qd3 30. Qh6 g6 31. Ng5 Qf5 32. e6 fxe6 33. Qxh7+ Kf8 34. Re3 e5 35. Kh2 e4 36. Qh8+ Ke7 37. Qg7+ 1-0

[Event "COL-ch pre olympic"]
[Site "El Bagre"]
[Date "2019.12.13"]
[Round "8"]
[White "Mendoza, Rafael Enrique"]
[Black "Munoz Galvez, Jhon Edison"]
[Result "1-0"]
[WhiteElo "2303"]
[BlackElo "2297"]
[PlyCount "56"]
[EventDate "2019.12.09"]
[EventType "tourn"]
[EventRounds "11"]
[EventCountry "COL"]
[EventCategory "6"]
[SourceTitle "CBM 193 Extra"]
[Source "ChessBase"]
[SourceDate "2020.01.31"]
[SourceVersion "1"]
[SourceVersionDate "2020.01.31"]
[SourceQuality "1"]

1. e4 c5 2. Nf3 d6 3. d4 cxd4 4. Nxd4 Nf6 5. Nc3 a6 6. h3 e5 7. Nde2 h5 8. g3 Be6 9. Bg2 Nbd7 10. a4 Be7 11. 0-0 Rc8 12. f4 Nb8 13. Be3 Nc6 14. Nd5 Bxd5 15. exd5 Nb8 16. a5 Nbd7 17. f5 h4 18. g4 Nh7 19. b3 Bg5 20. Bf2 e4 21. c4 0-0 22. Bxe4 Re8 23. Bg2 Be3 24. Nd4 Ng5 25. Nc2 Nc5 26. Re1 Bxf2+ 27. Kxf2 Rxe1 28. Qxe1 Kf8 1-0

[Event "COL-chT 21st"]
[Site "Cartagena"]
[Date "2019.11.30"]
[Round "3.1"]
[White "Carrillo Gil, William Alexander"]
[Black "Mendoza, Rafael Enrique"]
[Result "0-1"]
[WhiteElo "2026"]
[BlackElo "2283"]
[PlyCount "100"]
[EventDate "2019.11.30"]
[EventType "team-swiss"]
[EventRounds "9"]
[EventCountry "COL"]
[SourceTitle "CBM 195 Extra"]
[Source "ChessBase"]
[SourceDate "2020.05.31"]
[SourceVersion "1"]
[SourceVersionDate "2020.05.31"]
[SourceQuality "1"]
[WhiteTeam "Fuerzas Armadas"]
[BlackTeam "Atlantico"]
[WhiteTeamCountry "COL"]
[BlackTeamCountry "COL"]

1. e4 e5 2. Nf3 Nc6 3. Nc3 Nf6 4. Bc4 Nxe4 5. d4 Nxc3 6. bxc3 exd4 7. cxd4 Bb4+ 8. Bd2 Qe7+ 9. Be2 0-0 10. c3 Ba5 11. 0-0 d6 12. Re1 Bg4 13. Qb3 Bb6 14. a4 Qd7 15. h3 Bf5 16. Bc4 Na5 17. Qa2 Nxc4 18. Qxc4 a5 19. Qd5 Rab8 20. Nh4 Be6 21. Qf3 d5 22. Re2 c5 23. dxc5 Bxc5 24. Rae1 Qxa4 25. Qg3 Rfe8 26. Bh6 Bf8 27. Re5 Qd7 28. f4 f6 29. R5e2 Rbc8 30. f5 Bf7 31. Bf4 Rxe2 32. Rxe2 d4 33. cxd4 Qxd4+ 34. Kh2 a4 35. Nf3 Qd3 36. Rd2 Qxf5 37. Nh4 Qb5 38. Bh6 a3 39. Rf2 Qe5 40. Bf4 Qe6 41. Bh6 a2 42. Rf1 Qe5 43. Bf4 a1Q 44. Bxe5 Qxe5 45. Rb1 Bd6 46. Qxe5 Bxe5+ 47. Kg1 Bg3 48. Nf5 Bg6 49. Ne7+ Kf7 50. Rxb7 Rc1# 0-1

[Event "COL-chT"]
[Site "Cartagena"]
[Date "2019.11.24"]
[Round "2.1"]
[White "Pai, Juan David"]
[Black "Mendoza, Rafael Enrique"]
[Result "0-1"]
[WhiteElo "2055"]
[BlackElo "2303"]
[PlyCount "118"]
[EventDate "2019.11.24"]
[EventType "team-swiss"]
[EventRounds "7"]
[EventCountry "COL"]
[SourceTitle "CBM 193 Extra"]
[Source "ChessBase"]
[SourceDate "2020.01.31"]
[SourceVersion "1"]
[SourceVersionDate "2020.01.31"]
[SourceQuality "1"]
[WhiteTeam "Narino"]
[BlackTeam "Atlantico"]
[WhiteTeamCountry "COL"]
[BlackTeamCountry "COL"]

1. d4 Nf6 2. Nf3 c5 3. e3 g6 4. g3 Bg7 5. Bg2 0-0 6. 0-0 d5 7. c4 cxd4 8. exd4 dxc4 9. Ne5 Nc6 10. Nxc6 bxc6 11. Bxc6 Bh3 12. Re1 Rc8 13. Bf3 Nd5 14. Nc3 Nb4 15. Bg5 Re8 16. Qa4 Nd3 17. Re2 Bxd4 18. Rd1 Be6 19. Be3 Bxe3 20. Rxe3 Qb6 21. Rb1 Red8 22. Qa3 Rc7 23. Rd1 Rcd7 24. b3 cxb3 25. axb3 Qxb3 26. Qxb3 Bxb3 27. Ra1 Rb8 28. Bc6 Rc7 29. Rxd3 Rxc6 30. Rxa7 Kf8 31. h4 h5 32. Re3 Be6 33. Ra1 Rb2 34. Re2 Rb3 35. Ne4 Bg4 36. Rd2 f6 37. Rd8+ Kf7 38. Re1 Rb2 39. Rd2 Rb4 40. Kg2 Rb3 41. Ra2 Re6 42. Ra4 Kg7 43. Re3 Rxe3 44. fxe3 Bf5 45. Kf3 Bxe4+ 46. Rxe4 Rxe4 47. Kxe4 f5+ 48. Ke5 Kf7 49. Kf4 Kf6 50. Kf3 e5 51. Ke2 g5 52. Kf3 gxh4 53. gxh4 Ke6 54. Ke2 Kd5 55. Kd3 e4+ 56. Kd2 Ke5 57. Ke2 f4 58. exf4+ Kxf4 59. Kf2 Ke5 0-1

[Event "Cartagena Bolivar Cup"]
[Site "Cartagena"]
[Date "2019.04.22"]
[Round "1"]
[White "Albornoz Cabrera, Carlos Daniel"]
[Black "Mendoza, Rafael Enrique"]
[Result "1/2-1/2"]
[WhiteElo "2578"]
[BlackElo "2290"]
[PlyCount "82"]
[EventDate "2019.04.22"]
[EventType "swiss"]
[EventRounds "14"]
[EventCountry "COL"]
[SourceTitle "CBM 190 Extra"]
[Source "ChessBase"]
[SourceDate "2019.07.15"]
[SourceVersion "1"]
[SourceVersionDate "2019.07.15"]
[SourceQuality "1"]

1. Nf3 Nf6 2. c4 e6 3. Nc3 c5 4. g3 b6 5. Bg2 Bb7 6. 0-0 Be7 7. Re1 0-0 8. e4 d6 9. d4 cxd4 10. Nxd4 Qc8 11. b3 a6 12. Bb2 Nbd7 13. Qe2 Re8 14. Rad1 g6 15. Nc2 Qc7 16. f4 Bf8 17. Rd2 Rad8 18. Red1 e5 19. f5 Nc5 20. Rf1 Bg7 21. b4 Ncd7 22. Ne3 Bh6 23. Rfd1 Bxe3+ 24. Qxe3 Qxc4 25. a3 Qb3 26. Qe2 Rc8 27. Rxd6 Rxc3 28. Bxc3 Qxc3 29. Rxd7 Nxd7 30. Rxd7 Bc6 31. Rd3 Qc1+ 32. Qd1 Qc4 33. Rd8 f6 34. fxg6 hxg6 35. Rd6 Bxe4 36. Rxf6 Kg7 37. Rf2 Bf5 38. Bf1 Qc3 39. Qd6 e4 40. Rxf5 gxf5 41. Qd7+ Kf6 1/2-1/2

[Event "Cartagena Bolivar Cup"]
[Site "Cartagena"]
[Date "2019.04.22"]
[Round "5.4"]
[White "Felgaer, Ruben Alejandro"]
[Black "Mendoza, Rafael Enrique"]
[Result "1-0"]
[WhiteElo "2532"]
[BlackElo "2317"]
[PlyCount "79"]
[EventDate "2019.04.22"]
[EventType "swiss"]
[EventRounds "14"]
[EventCountry "COL"]
[SourceTitle "EXT 2024"]
[Source "ChessBase"]
[SourceDate "2023.10.10"]
[SourceVersion "1"]
[SourceVersionDate "2023.10.10"]
[SourceQuality "1"]

1. e4 e5 2. Nf3 Nc6 3. Bc4 Nf6 4. d3 Be7 5. 0-0 0-0 6. a4 a5 7. Re1 d6 8. Nbd2 Nd7 9. Nf1 Nb6 10. Bb3 Be6 11. c3 Qd7 12. Ng3 Rfe8 13. Bc2 Bf8 14. h3 h6 15. d4 exd4 16. cxd4 d5 17. e5 Nb4 18. Bb1 g6 19. b3 Bg7 20. Bd2 Qe7 21. Qc1 Qf8 22. Be3 Rac8 23. Qd2 c5 24. dxc5 Nd7 25. Bf4 Nxc5 26. Nd4 Red8 27. h4 Ne4 28. Nxe4 dxe4 29. Qe3 Rxd4 30. Qxd4 Qe7 31. Bg3 Bf5 32. Bxe4 Be6 33. Rac1 Rxc1 34. Rxc1 Bxb3 35. Rc8+ Kh7 36. h5 Be6 37. hxg6+ fxg6 38. Ra8 Qg5 39. Rxa5 h5 40. Qxb4 1-0

[Event "Cartagena Bolivar Cup"]
[Site "Cartagena"]
[Date "2019.04.22"]
[Round "14.8"]
[White "Mendoza, Rafael Enrique"]
[Black "Carrillo Parra, Miguel Alfredo"]
[Result "0-1"]
[WhiteElo "2317"]
[BlackElo "2122"]
[PlyCount "47"]
[EventDate "2019.04.22"]
[EventType "swiss"]
[EventRounds "14"]
[EventCountry "COL"]
[SourceTitle "EXT 2024"]
[Source "ChessBase"]
[SourceDate "2023.10.10"]
[SourceVersion "1"]
[SourceVersionDate "2023.10.10"]
[SourceQuality "1"]

1. d4 Nf6 2. c3 d5 3. Nf3 Bf5 4. Bf4 e6 5. g3 Nbd7 6. Bg2 h6 7. Nbd2 Bd6 8. h3 Bxf4 9. gxf4 c5 10. dxc5 Nxc5 11. Nb3 Nxb3 12. axb3 Qc7 13. 0-0 Qxf4 14. Qd4 Qxd4 15. Nxd4 Be4 16. f3 Bg6 17. Kf2 a6 18. e3 Ke7 19. b4 Nd7 20. f4 Nb6 21. b3 Rac8 22. b5 axb5 23. Nxb5 Bd3 24. Ke1 0-1

[Event "COL-ch sf1"]
[Site "Medellin"]
[Date "2019.04.18"]
[Round "5"]
[White "Martinez, Cristian Camilo"]
[Black "Mendoza, Rafael Enrique"]
[Result "1/2-1/2"]
[WhiteElo "1964"]
[BlackElo "2290"]
[PlyCount "45"]
[EventDate "2019.04.16"]
[EventType "swiss"]
[EventRounds "10"]
[EventCountry "COL"]
[SourceTitle "CBM 190 Extra"]
[Source "ChessBase"]
[SourceDate "2019.07.15"]
[SourceVersion "1"]
[SourceVersionDate "2019.07.15"]
[SourceQuality "1"]

1. e4 e5 2. Nf3 Nc6 3. Bb5 Bc5 4. 0-0 Nd4 5. Nxd4 Bxd4 6. c3 Bb6 7. d4 c6 8. Ba4 d6 9. Bc2 Nf6 10. h3 0-0 11. Be3 Re8 12. Nd2 Be6 13. f4 Qe7 14. f5 exd4 15. cxd4 Bd7 16. Qf3 Rad8 17. Rfe1 c5 18. d5 Bb5 19. a4 Ba6 20. a5 Bc7 21. Bg5 Qe5 22. Qc3 Qxc3 23. bxc3 1/2-1/2